Teorema.

Saved in:
Bibliographic Details
Main Author: Pasolini, Pier Paolo, 1922-1975
Format: Book
Language:Italian
Published: Milano : Garzanti, 1969.
Edition:6. ed.
LEADER 00718nam a2200217 a 4500
001 c000071401
003 CARM
005 00000000000000.0
008 890526s1969 it 00000 ita d
019 1 |a 6407381  |5 LACONCORD2021 
035 |a (OCoLC)15116892  |5 LACONCORD2021 
050 0 0 |a PQ4835.A48T4 
100 1 |a Pasolini, Pier Paolo,  |d 1922-1975. 
245 1 0 |a Teorema. 
250 |a 6. ed. 
260 |a Milano :  |b Garzanti,  |c 1969. 
300 |a 203 p. ;  |c 19 cm. 
852 8 |b CARM  |h A2:AB02A0  |i B02535  |p 0089661  |f BK 
082 0 4 |a 853.914 
999 f f |i fc3d039e-5174-5c4f-9f2c-d974d5f78da5  |s e43c1683-7cc9-52c1-a1a6-aa254f34c539 
952 f f |p Can circulate  |a CAVAL  |b CAVAL  |c CAVAL  |d CARM 1 Store  |e B02535  |f A2:AB02A0  |h Other scheme  |i book  |m 0089661